000 00489nam a2200181Ia 4500
008 170106s2014||||xx |||||||||||||| ||und||
020 _a9781466567368
_q hb
041 _aeng
082 _a616.0754
_bSEM
100 _aSemmlow, John L.
245 0 _aBiosignal and medical image processing [3rd ed.]
250 _a3rd ed.
260 _aBoca Raton
_bCRC Press
_c2014
300 _axxi , 608 p. ; 25.5 cm
650 _aBiomedical Science
700 _a Griffel, Benjamin
942 _cBK
999 _c26764
_d26764